Les noms des clubs par leurs logo - Statistiques

Statistiques générales
  • Ce quiz a été pris 152 fois
  • Le résultat moyen est 12 sur 16
Statistiques - réponses
Par images Réponse % Correct
OL
96%
Borussia dortmund
93%
Aston Villa
91%
Juventus
91%
AS Roma
89%
FC Porto
88%
Losc
88%
Tottenham
86%
Real sociedad
82%
Benfica
81%
Rangers
72%
Atletic club Bilbao
71%
Fribourg
56%
Flamengo
53%
Shakhtar Donetsk
34%
FBBP 01
14%
Aucun quiz correspondant
Distribution des résultats
% des personnes avec chaque résultat
Percentile par nombre de réponses
Votre historique - résultats
Vous n’avez pas pris ce quiz